000 00616nam a2200181 4500
999 _c189716
_d189716
005 20220711160809.0
010 _aENG-133463
020 _a9789393330130
_c350.00
035 _aEN-116995
037 _bDBAD/PUB
082 _a516.352
100 _aKendig, Keith
245 _aA Guide to Plane Algebraic Curves/
_cKeith Kendig
260 _aTelangana
_bUniversities Press (India) Pvt. Ltd.
_c2011
270 _a3-6-747/1/A & 3-6-754/1 Himayantnagar, Hyderabad
_bTelangana
_e500029
_minfo@universitiespress.com
300 _a193p.
_c23cm(pbk)
_bBibliography, Index
942 _2ddc
_cEN
_h516.352
_mKEN